<Le> francais sur objectifs universitaires

Salvato in:
Dettagli Bibliografici
Autore principale: Rizeková, Iveta, 1961-
Ente Autore: Ekonomická univerzita v Bratislave. Fakulta aplikovaných jazykov
Altri autori: Povchanič, Štefan, Chovancová, Katarína
Natura: Libro
Lingua:francese
Pubblicazione: Bratislava Vydavateľstvo EKONÓM 2014
Edizione:1. vyd.
Soggetti:
Tags: Aggiungi Tag
Nessun Tag, puoi essere il primo ad aggiungerne!!

MARC

LEADER 00000nam a2200000 4500
001 0185656
005 20240502073158.9
020 |a 978-80-225-3847-3 
041 0 |a fre 
044 |a SK 
245 1 0 |a <Le> francais  |b sur objectifs universitaires  |c Iveta Rizeková 
250 |a 1. vyd. 
264 1 |a Bratislava  |b Vydavateľstvo EKONÓM  |c 2014 
300 |a 81 s. [5,36 AH] 
610 2 0 |a jazyky cudzie 
610 2 0 |a jazykoveda 
610 2 0 |a terminológia 
610 2 0 |a francúzština 
100 1 |a Rizeková, Iveta, 1961- 
700 1 |a Povchanič, Štefan 
700 1 |a Chovancová, Katarína 
710 2 |a Ekonomická univerzita v Bratislave. Fakulta aplikovaných jazykov